Courthouse Words Quiz Stats

 Plays Quiz not verified by Sporcle

Challenge
Share
Tweet
Embed
Score 0/12 Timer 03:00
0 Plays Today
% Correct
Immunity from prosecution
84.2%
Courthouse dogs
84.2%
Informant
84.2%
Amnesty
78.9%
Expert Witness
78.9%
Pardon
73.7%
Commutation or remission
73.7%
Protection Racket
73.7%
Clemency
63.2%
Hearsay evidence
63.2%
Reprieve
57.9%
Witness
52.6%

You're not logged in!

Compare scores with friends on all Sporcle quizzes.
Join for Free
OR
Log In

You Might Also Like...

Show Comments

Extras

Created Aug 7, 2014ReportNominate
Tags:Clickable Quiz, description

Top Quizzes Today


Score Distribution

Your Account Isn't Verified!

In order to create a playlist on Sporcle, you need to verify the email address you used during registration. Go to your Sporcle Settings to finish the process.

Report this User

Report this user for behavior that violates our Community Guidelines.

Details: